000 00459nam a2200157Ia 4500
999 _c4742
_d4742
008 200103s9999||||xx |||||||||||||| ||und||
020 _a9280151169
082 _a387.544
_bIMO
100 _aInternational Maritime Organization
245 0 _aModel Course 3.18: Safe packing of cargo transport units (CTUs) : Course
260 _bIMO
_c2001
_aLondon
300 _av, 153p.
650 _aTransport units
650 _aShips--Cargo--Safety measures
942 _cBK